| 000 | 00384nam a22001457a 4500 | ||
|---|---|---|---|
| 020 | _qPB. | ||
| 040 | _cFIZZA ISHAQ | ||
| 082 |
_a373.7 _bRES |
||
| 100 |
_aMASTERS,RESOURCE. _9134176 |
||
| 245 |
_aPRECALCULUS AND DISCRETE MATHEMATICS / _cRESOURCE MASTERS. |
||
| 250 | _aVOLUME 2. | ||
| 260 |
_aNEW YORK ; _bMc GRAW HILL, _c2010. |
||
| 300 |
_a428 P. ; _c11.1X8.8IN |
||
| 942 |
_2ddc _cBK |
||
| 999 |
_c617128 _d617128 |
||